000
00243 a2200109 4500
001
64441
082
_a
097.122 MOU
090
_c
38068
_d
38068
100
_a
Moudoodi
245
_a
Tafheemul Quran
260
_a
Lahore
_b
Idara Turjamanul Quran
942
_a
NUST-CAE
_k
097.122 MOU
999
_c
299514
_d
299514